Poesía /

Guardado en:
Autor Principal: Cané Luis
Formato: Libro
Publicado: Buenos Aires : Eudeba, 1965
Series:Del Siglo y Medio, 851
Etiquetas: Agregar Etiqueta
Sin Etiquetas, Sea el primero en etiquetar este registro!
LEADER 00422nam a22001575a 4500
001 CEM.cems001390
005 20060214000000.0
008 130507s1965##################000#0#####d
003 CEMS
082 0 4 |a A861.2 
100 1 |a Cané Luis 
245 1 0 |a Poesía /  |c Luis Cané 
260 |a Buenos Aires :  |b Eudeba,  |c 1965 
300 |a 82 p. 
490 0 |a Del Siglo y Medio, 851 
859 |a CEMS  |b BIB. CEMS - 11 de abril  |h A861.2  |i C162  |p 4738.76  |t Ej.1